000 00646nam a2200193Ia 4500
008 151119s9999||||xx |||||||||||||| ||und||
082 _a891.464
082 _bGKKV7171
100 _aपठाण यू म
245 _aआठव: ज्ञानदेवाचा ज्ञानदेवीचा
260 _a--
260 _b--
260 _c1992
600 _aपठाण यू म
630 _aआठव: ज्ञानदेवाचा ज्ञानदेवीचा
700 _aपठाण यू म
730 _aआठव: ज्ञानदेवाचा ज्ञानदेवीचा
942 _cBOOK
999 _c1061890
_d1061887